Návšteva v redakcii

Bibliographic Details
Main Authors: Brucháč, Dušan, 1923-1988 (Author), Hollá, Marta, 1958- (Author)
Format: Article
Language:Slovak
PhysicalDescription:Obr. 1.
Subjects:

MARC

LEADER 00000nab a2200000 a 4500
001 vtls000268373
003 SK-MaSNL
005 20260304214350.0
008 220422c1987 xo 0 slo
015 |a SNBRB19rr/mm-uuuuu 
035 |a CL0278487 
040 |a SNKBUCL  |b slo  |c SNKBUCL  |e AACR2 
041 0 |a slo 
044 |a xo  |c SK 
080 |a 340.61  |2 1981 
080 |a 618.39  |2 1981 
100 1 |a Brucháč, Dušan,  |d 1923-1988  |4 aut  |9 42415 
245 1 0 |a Návšteva v redakcii  |c Dušan Brucháč, Marta Hollá 
300 |b Obr. 1. 
650 0 7 |a tehotenstvo  |2 snkbucl  |9 2477 
655 7 |a články z novín a časopisov  |2 snkbucl  |9 267496 
700 1 |a Hollá, Marta,  |d 1958-  |4 aut  |9 248241 
773 0 |t Osvetová práca  |g Roč. 37, č. 2 (1987), s. 28-29 
850 |a Slovenská národná knižnica v Martine  |a MTA001 
852 |a SNK  |b KIS3GCP 
958 |a RK 
958 |a ME 
992 |a RBX 
999 |c 3140949  |d 3142879